书目信息 |
| 题名: |
遥远的地平线
|
|
| 作者: | 刘小汉 , 琚宜太 主编 | |
| 分册: | ||
| 出版信息: | 厦门 鹭江出版社 2014 |
|
| 页数: | 131页 | |
| 开本: | 29cm | |
| 丛书名: | ||
| 单 册: | ||
| 中图分类: | N816.61 | |
| 科图分类: | ||
| 主题词: | 南极--科学考察 | |
| 电子资源: | ||
| ISBN: | 978-7-5459-0797-1 | |
| 000 | 00781nam0 2200241 450 | |
| 001 | 012015000002 | |
| 005 | 20151130084843.79 | |
| 010 | @a978-7-5459-0797-1@b精装@dCNY218.00 | |
| 100 | @a20150119d2014 em y0chiy50 ea | |
| 101 | 0 | @achi |
| 102 | @aCN@b350000 | |
| 105 | @aa z 000yy | |
| 106 | @ar | |
| 200 | 1 | @a遥远的地平线@Ayao yuan de di ping xian@e南极格罗夫山启示录@f刘小汉,琚宜太主编 |
| 210 | @a厦门@c鹭江出版社@d2014 | |
| 215 | @a131页@c图@d29cm | |
| 330 | @a本书主要内容包括:勇闯塔罗夫;格罗夫山概况;格罗夫山的壮美风光;科考成果;极地生存;格罗夫山畅想等。 | |
| 606 | 0 | @a南极@x科学考察 |
| 690 | @aN816.61@v5 | |
| 701 | 0 | @a刘小汉@Aliu xiao han@4主编 |
| 701 | 0 | @a琚宜太@Aju yi tai@4主编 |
| 801 | 0 | @aCN@b碧洲教育@c20151127 |
| 905 | @a10447@f2@dN816.61@e10 | |
| 遥远的地平线:南极格罗夫山启示录/刘小汉,琚宜太主编.-厦门:鹭江出版社,2014 |
| 131页:图;29cm |
| ISBN 978-7-5459-0797-1(精装):CNY218.00 |
| 本书主要内容包括:勇闯塔罗夫;格罗夫山概况;格罗夫山的壮美风光;科考成果;极地生存;格罗夫山畅想等。 |
| ● |
| 相关链接 |
|
|
|
|
正题名:遥远的地平线
索取号:N816.61/10
 
预约/预借
| 序号 | 登录号 | 条形码 | 馆藏地/架位号 | 状态 | 备注 |
| 1 | 0871713 | 208717138 | 第二样本阅览室/ [索取号:N816.61/10] | 在馆 | |
| 2 | 0871714 | 208717147 | 第三借阅区/ [索取号:N816.61/10] | 在馆 |